[Event "Girls U12 Polish Youth Championship"]
[Site "chess24.com"]
[Date "2018.04.29"]
[Round "1"]
[White "Mazurek, Maja"]
[Black "Pawicka, Magdalena"]
[Result "0-1"]
[Board "1"]
[WhiteElo "1233"]
[WhiteCountry "POL"]
[WhiteFideId "21836426"]
[WhiteEloChange "-2"]
[BlackElo "1789"]
[BlackCountry "POL"]
[BlackFideId "21836507"]
[BlackEloChange "2"]

1. d4 {[%clk 1:30:57]} Nf6 {[%clk 1:30:50]} 2. c4 {[%clk 1:31:15]} e6 {[%clk
1:31:02]} 3. Nc3 {[%clk 1:31:30]} Bb4 {[%clk 1:30:46]} 4. Qc2 {[%clk 1:31:29]} b6
{[%clk 1:29:40]} 5. Nf3 {[%clk 1:29:32]} Bb7 {[%clk 1:29:23]} 6. e3 {[%clk
1:29:27]} O-O {[%clk 1:27:56]} 7. Bd3 {[%clk 1:29:04]} c5 {[%clk 1:25:16]} 8. b3
{[%clk 1:21:41]} Ne4 {[%clk 1:21:14]} 9. Bb2 {[%clk 1:19:29]} f5 {[%clk 1:16:30]}
10. O-O-O {[%clk 1:18:28]} Nxc3 {[%clk 1:13:35]} 11. Bxc3 {[%clk 1:17:51]} Ba3+
{[%clk 1:09:49]} 12. Bb2 {[%clk 1:14:14]} Bxb2+ {[%clk 1:09:12]} 13. Qxb2 {[%clk
1:14:01]} Qc7 {[%clk 1:05:17]} 14. Ng5 {[%clk 1:08:18]} h6 {[%clk 1:01:30]} 15.
Nf3 {[%clk 1:05:58]} a5 {[%clk 0:59:41]} 16. a4 {[%clk 1:01:31]} b5 {[%clk
0:58:09]} 17. cxb5 {[%clk 0:57:08]} cxd4+ {[%clk 0:58:19]} 18. Qc2 {[%clk
0:53:48]} Qb6 {[%clk 0:56:27]} 19. Qd2 {[%clk 0:48:46]} dxe3 {[%clk 0:53:18]} 20.
fxe3 {[%clk 0:48:47]} d5 {[%clk 0:51:07]} 21. Nd4 {[%clk 0:44:29]} Nd7 {[%clk
0:48:37]} 22. Kb2 {[%clk 0:42:38]} Nc5 {[%clk 0:43:53]} 23. Rhf1 {[%clk 0:38:37]}
Rac8 {[%clk 0:36:37]} 24. h3 {[%clk 0:34:39]} Ne4 {[%clk 0:34:25]} 25. Bxe4
{[%clk 0:34:34]} fxe4 {[%clk 0:34:40]} 26. Rxf8+ {[%clk 0:30:53]} Rxf8 {[%clk
0:34:48]} 27. Rc1 {[%clk 0:31:14]} e5 {[%clk 0:31:41]} 28. Nc6 {[%clk 0:30:38]}
Bxc6 {[%clk 0:31:35]} 29. bxc6 {[%clk 0:29:59]} d4 {[%clk 0:31:07]} 30. exd4
{[%clk 0:29:55]} exd4 {[%clk 0:31:18]} 31. Qc2 {[%clk 0:29:54]} e3 {[%clk
0:27:05]} 32. Qc4+ {[%clk 0:30:12]} Kh8 {[%clk 0:27:26]} 33. Qb5 {[%clk 0:27:32]}
Qc7 {[%clk 0:26:05]} 34. Qb7 {[%clk 0:25:43]} Rf7 {[%clk 0:24:15]} 35. Qxc7
{[%clk 0:20:42]} Rxc7 {[%clk 0:24:35]} 36. Rd1 {[%clk 0:20:50]} Rxc6 {[%clk
0:20:03]} 37. Rxd4 {[%clk 0:20:52]} Re6 {[%clk 0:18:50]} 38. Rd1 {[%clk 0:21:07]}
e2 {[%clk 0:18:46]} 39. Re1 {[%clk 0:21:25]} Re3 {[%clk 0:18:59]} 40. Kc2 {[%clk
0:21:15]} Kg8 {[%clk 0:19:06]} 41. Kd2 {[%clk 0:20:33]} Rxb3 {[%clk 0:19:26]} 42.
Rxe2 {[%clk 0:20:57]} Rb4 {[%clk 0:19:26]} 43. Kc3 {[%clk 0:19:31]} Rxa4 {[%clk
0:19:50]} 44. Re5 {[%clk 0:19:49]} Kf7 {[%clk 0:19:24]} 45. Kb3 {[%clk 0:19:45]}
Ra1 {[%clk 0:19:36]} 46. Kb2 {[%clk 0:20:04]} Rg1 {[%clk 0:19:41]} 47. Re2 {[%clk
0:19:09]} Kf6 {[%clk 0:19:45]} 48. Kb3 {[%clk 0:17:22]} Kf5 {[%clk 0:19:55]} 49.
Ra2 {[%clk 0:17:15]} Kf4 {[%clk 0:19:50]} 50. Ra4+ {[%clk 0:15:30]} Kg3 {[%clk
0:18:24]} 51. Rg4+ {[%clk 0:15:11]} Kh2 {[%clk 0:18:14]} 52. Rxg7 {[%clk
0:14:58]} Rxg2 {[%clk 0:18:31]} 53. Rh7 {[%clk 0:14:46]} Rg3+ {[%clk 0:18:51]}
54. Ka4 {[%clk 0:15:01]} Rxh3 {[%clk 0:18:39]} 55. Kxa5 {[%clk 0:15:16]} h5
{[%clk 0:18:52]} 56. Rb7 {[%clk 0:14:30]} Rg3 {[%clk 0:17:47]} 57. Rb4 {[%clk
0:12:59]} Kh3 {[%clk 0:17:37]} 58. Ka4 {[%clk 0:12:56]} Rg4 {[%clk 0:17:47]} 59.
Rxg4 {[%clk 0:13:17]} Kxg4 {[%clk 0:18:12]} 60. Kb3 {[%clk 0:13:41]} h4 {[%clk
0:18:35]} 61. Kc2 {[%clk 0:13:57]} h3 {[%clk 0:18:21]} 62. Kd3 {[%clk 0:14:06]}
h2 {[%clk 0:18:47]} 63. Ke4 {[%clk 0:14:28]} h1Q+ {[%clk 0:19:11]} 64. Ke5 {[%clk
0:14:34]} Qf3 {[%clk 0:19:28]} 65. Kd6 {[%clk 0:14:54]} Kf5 {[%clk 0:19:51]} 66.
Kc7 {[%clk 0:14:46]} Ke6 {[%clk 0:20:09]} 67. Kb6 {[%clk 0:14:59]} Qd5 {[%clk
0:20:32]} 68. Kc7 {[%clk 0:15:04]} Qb5 {[%clk 0:20:51]} 69. Kc8 {[%clk 0:15:11]}
Kd6 {[%clk 0:21:10]} 70. Kd8 {[%clk 0:15:22]} Qd7# {[%clk 0:21:38]} 0-1

[Event "Girls U12 Polish Youth Championship"]
[Site "chess24.com"]
[Date "2018.04.29"]
[Round "1"]
[White "Starosta, Martyna"]
[Black "Wiecek, Karolina"]
[Result "1-0"]
[Board "2"]
[WhiteElo "1607"]
[WhiteTitle "WCM"]
[WhiteCountry "POL"]
[WhiteFideId "21818754"]
[WhiteEloChange "2"]
[BlackElo "1221"]
[BlackCountry "POL"]
[BlackFideId "1198440"]
[BlackEloChange "-2"]

1. e4 {[%clk 1:30:57]} e5 {[%clk 1:30:53]} 2. Nf3 {[%clk 1:31:21]} Nf6 {[%clk
1:31:04]} 3. Nxe5 {[%clk 1:31:43]} d6 {[%clk 1:31:19]} 4. Nf3 {[%clk 1:32:07]}
Nxe4 {[%clk 1:31:41]} 5. Nc3 {[%clk 1:32:30]} Nxc3 {[%clk 1:32:03]} 6. dxc3
{[%clk 1:32:53]} Be7 {[%clk 1:32:17]} 7. Be3 {[%clk 1:32:53]} O-O {[%clk
1:32:13]} 8. Qd2 {[%clk 1:33:05]} Nd7 {[%clk 1:30:19]} 9. O-O-O {[%clk 1:32:57]}
Nc5 {[%clk 1:24:51]} 10. h3 {[%clk 1:29:35]} Re8 {[%clk 1:21:52]} 11. Bd3 {[%clk
1:24:17]} Ne6 {[%clk 1:07:34]} 12. g4 {[%clk 1:21:34]} Qd7 {[%clk 0:54:14]} 13.
g5 {[%clk 1:12:41]} Nf8 {[%clk 0:51:42]} 14. Kb1 {[%clk 1:11:21]} a5 {[%clk
0:50:48]} 15. h4 {[%clk 1:11:27]} b5 {[%clk 0:41:56]} 16. Nd4 {[%clk 1:09:50]} c6
{[%clk 0:40:49]} 17. h5 {[%clk 1:07:45]} Bb7 {[%clk 0:34:10]} 18. Rh2 {[%clk
1:05:07]} Rad8 {[%clk 0:26:04]} 19. Bf5 {[%clk 1:03:33]} Qc7 {[%clk 0:26:02]} 20.
g6 {[%clk 1:03:04]} hxg6 {[%clk 0:25:30]} 21. hxg6 {[%clk 1:03:24]} fxg6 {[%clk
0:25:48]} 22. Be6+ {[%clk 1:03:24]} Nxe6 {[%clk 0:25:08]} 23. Nxe6 {[%clk
1:03:42]} Qd7 {[%clk 0:25:23]} 24. Nxd8 {[%clk 1:03:51]} Rxd8 {[%clk 0:25:41]}
25. Rg1 {[%clk 1:03:19]} Qe6 {[%clk 0:25:33]} 26. Rhg2 {[%clk 1:03:10]} Qf7
{[%clk 0:25:12]} 27. Rxg6 {[%clk 1:03:06]} Bf6 {[%clk 0:25:14]} 28. Bb6 {[%clk
1:02:35]} Rd7 {[%clk 0:25:06]} 29. Qh6 {[%clk 1:01:01]} Be5 {[%clk 0:24:35]} 30.
f4 {[%clk 0:59:33]} Bxf4 {[%clk 0:23:37]} 31. Rxg7+ {[%clk 0:59:44]} Qxg7 {[%clk
0:23:55]} 32. Rxg7+ {[%clk 1:00:07]} Rxg7 {[%clk 0:24:18]} 33. Qxf4 {[%clk
1:00:29]} 1-0

[Event "Girls U12 Polish Youth Championship"]
[Site "chess24.com"]
[Date "2018.04.29"]
[Round "1"]
[White "Szymajda, Karolina"]
[Black "Gaj, Magdalena"]
[Result "0-1"]
[Board "3"]
[WhiteElo "1215"]
[WhiteCountry "POL"]
[WhiteFideId "21836566"]
[WhiteEloChange "-2"]
[BlackElo "1585"]
[BlackCountry "POL"]
[BlackFideId "21804397"]
[BlackEloChange "2"]

1. e4 {[%clk 1:30:56]} c6 {[%clk 1:30:55]} 2. d4 {[%clk 1:31:08]} d5 {[%clk
1:31:19]} 3. Nc3 {[%clk 1:30:58]} dxe4 {[%clk 1:31:39]} 4. Nxe4 {[%clk 1:31:19]}
Bf5 {[%clk 1:32:05]} 5. Ng3 {[%clk 1:31:34]} Bg6 {[%clk 1:32:26]} 6. Be3 {[%clk
1:30:29]} e6 {[%clk 1:31:38]} 7. Bd3 {[%clk 1:29:02]} Bxd3 {[%clk 1:31:50]} 8.
Qxd3 {[%clk 1:29:22]} Nd7 {[%clk 1:31:08]} 9. Nf3 {[%clk 1:28:32]} Ngf6 {[%clk
1:26:50]} 10. O-O {[%clk 1:26:07]} Qc7 {[%clk 1:22:52]} 11. c4 {[%clk 1:16:55]}
Bd6 {[%clk 1:13:24]} 12. c5 {[%clk 1:01:07]} Bf4 {[%clk 1:06:46]} 13. Bxf4 {[%clk
0:52:40]} Qxf4 {[%clk 1:07:01]} 14. Rfe1 {[%clk 0:51:24]} O-O {[%clk 1:00:53]}
15. h3 {[%clk 0:44:26]} Rad8 {[%clk 0:59:41]} 16. Rac1 {[%clk 0:40:00]} Nd5
{[%clk 0:42:25]} 17. Rcd1 {[%clk 0:32:49]} N7f6 {[%clk 0:31:34]} 18. Ne4 {[%clk
0:29:35]} Nxe4 {[%clk 0:27:30]} 19. Rxe4 {[%clk 0:29:27]} Qc7 {[%clk 0:27:00]}
20. Rh4 {[%clk 0:27:42]} h6 {[%clk 0:22:40]} 21. Ng5 {[%clk 0:23:39]} Nf6 {[%clk
0:22:03]} 22. Ne4 {[%clk 0:22:09]} Nxe4 {[%clk 0:20:53]} 23. Qxe4 {[%clk
0:21:53]} Rd5 {[%clk 0:19:01]} 24. Rg4 {[%clk 0:19:45]} Rfd8 {[%clk 0:15:56]} 25.
Qe3 {[%clk 0:17:50]} Kh7 {[%clk 0:14:47]} 26. Qd3+ {[%clk 0:15:18]} Kh8 {[%clk
0:14:53]} 27. Rh4 {[%clk 0:11:17]} Qe7 {[%clk 0:12:48]} 28. Re4 {[%clk 0:10:32]}
Qxc5 {[%clk 0:10:10]} 29. Qe3 {[%clk 0:06:33]} Qd6 {[%clk 0:09:44]} 30. Qf4
{[%clk 0:04:17]} Qxf4 {[%clk 0:08:25]} 31. Rxf4 {[%clk 0:04:30]} Kg8 {time[%clk
0:08:51]} 0-1

[Event "Girls U12 Polish Youth Championship"]
[Site "chess24.com"]
[Date "2018.04.29"]
[Round "1"]
[White "Zabrzanska, Weronika"]
[Black "Skolska, Emilia"]
[Result "1-0"]
[Board "4"]
[WhiteElo "1557"]
[WhiteCountry "POL"]
[WhiteFideId "21825173"]
[WhiteEloChange "2"]
[BlackElo "1211"]
[BlackCountry "POL"]
[BlackFideId "21883645"]
[BlackEloChange "-2"]

1. e4 {[%clk 1:30:57]} e5 {[%clk 1:30:55]} 2. Nf3 {[%clk 1:31:21]} Nc6 {[%clk
1:31:20]} 3. Bc4 {[%clk 1:31:44]} Bc5 {[%clk 1:31:44]} 4. O-O {[%clk 1:32:05]} d6
{[%clk 1:31:57]} 5. d3 {[%clk 1:32:14]} Nf6 {[%clk 1:32:18]} 6. c3 {[%clk
1:32:24]} O-O {[%clk 1:32:32]} 7. Nbd2 {[%clk 1:32:13]} Re8 {[%clk 1:32:38]} 8.
Re1 {[%clk 1:30:55]} d5 {[%clk 1:24:38]} 9. exd5 {[%clk 1:25:37]} Nxd5 {[%clk
1:24:35]} 10. d4 {[%clk 1:19:55]} Bb6 {[%clk 1:23:59]} 11. dxe5 {[%clk 1:17:44]}
Bg4 {[%clk 1:23:59]} 12. Qc2 {[%clk 1:15:40]} Qd7 {[%clk 1:18:57]} 13. h3 {[%clk
0:57:41]} Bf5 {[%clk 1:06:46]} 14. Qd1 {[%clk 0:54:10]} Nf4 {[%clk 0:59:07]} 15.
Nf1 {[%clk 0:45:03]} Nd3 {[%clk 0:52:21]} 16. Bxd3 {[%clk 0:44:13]} Bxd3 {[%clk
0:52:03]} 17. Ng3 {[%clk 0:42:53]} Rad8 {[%clk 0:40:34]} 18. Bg5 {[%clk 0:39:36]}
Ne7 {[%clk 0:35:47]} 19. e6 {[%clk 0:30:23]} Qd6 {[%clk 0:30:33]} 20. exf7+
{[%clk 0:30:37]} Kxf7 {[%clk 0:30:05]} 21. Ne5+ {[%clk 0:30:09]} Kf8 {[%clk
0:27:22]} 22. Qf3+ {[%clk 0:27:19]} Kg8 {[%clk 0:27:07]} 23. Qf7+ {[%clk
0:27:36]} Kh8 {[%clk 0:27:14]} 24. Qxe8+ {[%clk 0:27:45]} Rxe8 {[%clk 0:27:08]}
25. Nf7+ {[%clk 0:28:10]} Kg8 {[%clk 0:27:24]} 26. Nxd6 {[%clk 0:28:35]} cxd6
{[%clk 0:27:21]} 27. Bxe7 {[%clk 0:28:52]} Kf7 {[%clk 0:22:47]} 28. Bxd6 {[%clk
0:29:09]} Rd8 {[%clk 0:22:33]} 29. Bf4 {[%clk 0:29:15]} Re8 {[%clk 0:21:44]} 30.
Rxe8 {[%clk 0:29:33]} Kxe8 {[%clk 0:22:09]} 31. Rd1 {[%clk 0:29:56]} Bg6 {[%clk
0:22:32]} 32. Re1+ {[%clk 0:29:57]} Kd7 {[%clk 0:22:56]} 33. Be3 {[%clk 0:30:13]}
Bc7 {[%clk 0:22:52]} 34. Bd4 {[%clk 0:30:12]} Bxg3 {[%clk 0:23:01]} 35. fxg3
{[%clk 0:30:35]} Bf5 {[%clk 0:23:16]} 36. Bxa7 {[%clk 0:30:44]} Be6 {[%clk
0:23:32]} 37. b3 {[%clk 0:31:03]} Kd6 {[%clk 0:23:48]} 38. Bd4 {[%clk 0:31:25]}
g6 {[%clk 0:23:53]} 39. Rxe6+ {[%clk 0:31:46]} Kxe6 {[%clk 0:23:54]} 40. Kf2
{[%clk 0:32:13]} 1-0

[Event "Girls U12 Polish Youth Championship"]
[Site "chess24.com"]
[Date "2018.04.29"]
[Round "1"]
[White "Garbowska, Maja"]
[Black "Siekanska, Maria"]
[Result "0-1"]
[Board "5"]
[WhiteElo "1207"]
[WhiteCountry "POL"]
[WhiteFideId "21816573"]
[WhiteEloChange "-2"]
[BlackElo "1550"]
[BlackCountry "POL"]
[BlackFideId "21852650"]
[BlackEloChange "2"]

1. e4 {[%clk 1:30:57]} c5 {[%clk 1:30:56]} 2. Nf3 {[%clk 1:31:18]} e6 {[%clk
1:31:22]} 3. d4 {[%clk 1:31:30]} cxd4 {[%clk 1:31:48]} 4. Nxd4 {[%clk 1:31:54]}
Nf6 {[%clk 1:32:13]} 5. Nc3 {[%clk 1:32:07]} d6 {[%clk 1:32:37]} 6. Be2 {[%clk
1:32:11]} Be7 {[%clk 1:32:58]} 7. O-O {[%clk 1:32:19]} O-O {[%clk 1:33:22]} 8.
Be3 {[%clk 1:32:40]} Nc6 {[%clk 1:33:45]} 9. f4 {[%clk 1:32:30]} a6 {[%clk
1:34:07]} 10. a4 {[%clk 1:32:39]} Qc7 {[%clk 1:34:24]} 11. Bf3 {[%clk 1:32:08]}
Nxd4 {[%clk 1:33:47]} 12. Qxd4 {[%clk 1:31:58]} Nd7 {[%clk 1:31:32]} 13. Qd2
{[%clk 1:31:09]} Bf6 {[%clk 1:31:12]} 14. g4 {[%clk 1:30:22]} Nb6 {[%clk
1:29:41]} 15. Qe1 {[%clk 1:23:18]} Nc4 {[%clk 1:29:24]} 16. g5 {[%clk 1:20:59]}
Nxe3 {[%clk 1:27:51]} 17. Qxe3 {[%clk 1:20:26]} Bxc3 {[%clk 1:28:12]} 18. bxc3
{[%clk 1:19:36]} Qc5 {[%clk 1:27:30]} 19. Qxc5 {[%clk 1:19:43]} dxc5 {[%clk
1:27:54]} 20. Bg2 {[%clk 1:19:47]} b6 {[%clk 1:25:09]} 21. Rab1 {[%clk 1:17:22]}
Bd7 {[%clk 1:23:29]} 22. Rxb6 {[%clk 1:15:20]} Bxa4 {[%clk 1:23:03]} 23. Ra1
{[%clk 1:12:29]} Bb5 {[%clk 1:21:37]} 24. Rd6 {[%clk 1:07:42]} Rfd8 {[%clk
1:18:06]} 25. e5 {[%clk 1:07:01]} Rxd6 {[%clk 1:17:10]} 26. exd6 {[%clk 1:06:30]}
Rd8 {[%clk 1:17:31]} 27. Rd1 {[%clk 1:06:14]} f6 {[%clk 1:13:13]} 28. gxf6 {[%clk
1:05:29]} gxf6 {[%clk 1:13:27]} 29. Bh3 {[%clk 1:05:17]} Kf7 {[%clk 1:13:25]} 30.
f5 {[%clk 1:05:28]} Bc4 {[%clk 1:13:33]} 31. Kf2 {[%clk 1:05:03]} Bd5 {[%clk
1:13:06]} 32. Ke3 {[%clk 1:02:13]} c4 {[%clk 1:11:14]} 33. d7 {[%clk 1:00:45]}
Ke7 {[%clk 1:06:28]} 34. Rxd5 {[%clk 1:00:19]} exd5 {[%clk 1:06:43]} 35. Kd4
{[%clk 1:00:12]} Rxd7 {[%clk 1:06:59]} 36. Bg2 {[%clk 1:00:30]} a5 {[%clk
1:07:06]} 37. Bxd5 {[%clk 1:00:17]} a4 {[%clk 1:07:26]} 38. Kxc4 {[%clk 1:00:24]}
Rxd5 {[%clk 1:07:51]} 39. Kxd5 {[%clk 1:00:49]} a3 {[%clk 1:08:15]} 0-1

[Event "Girls U12 Polish Youth Championship"]
[Site "chess24.com"]
[Date "2018.04.29"]
[Round "1"]
[White "Barwinska, Ewa"]
[Black "Szczotka, Matylda"]
[Result "1/2-1/2"]
[Board "6"]
[WhiteElo "1517"]
[WhiteCountry "POL"]
[WhiteFideId "21833761"]
[WhiteEloChange "-7"]
[BlackElo "1204"]
[BlackCountry "POL"]
[BlackFideId "21858918"]
[BlackEloChange "7"]

1. e4 {[%clk 1:30:46]} e5 {[%clk 1:30:52]} 2. Nf3 {[%clk 1:30:38]} Nc6 {[%clk
1:30:52]} 3. Bb5 {[%clk 1:30:08]} a6 {[%clk 1:30:47]} 4. Ba4 {[%clk 1:29:20]} Nf6
{[%clk 1:30:41]} 5. O-O {[%clk 1:27:08]} b5 {[%clk 1:30:23]} 6. Bb3 {[%clk
1:27:08]} Be7 {[%clk 1:29:43]} 7. c3 {[%clk 1:24:40]} O-O {[%clk 1:26:05]} 8. Re1
{[%clk 1:22:15]} d6 {[%clk 1:24:29]} 9. h3 {[%clk 1:20:28]} Nb8 {[%clk 1:23:16]}
10. d4 {[%clk 1:17:52]} Nbd7 {[%clk 1:22:24]} 11. Nbd2 {[%clk 1:16:07]} Bb7
{[%clk 1:21:10]} 12. Bc2 {[%clk 1:13:29]} Re8 {[%clk 1:20:46]} 13. Nf1 {[%clk
1:10:44]} Bf8 {[%clk 1:19:56]} 14. Ng3 {[%clk 1:07:48]} g6 {[%clk 1:19:43]} 15.
Bg5 {[%clk 1:00:02]} Bg7 {[%clk 1:16:20]} 16. Qd2 {[%clk 0:58:43]} Qb8 {[%clk
1:03:03]} 17. Bh6 {[%clk 0:55:38]} c6 {[%clk 0:55:24]} 18. Bxg7 {[%clk 0:53:57]}
Kxg7 {[%clk 0:55:36]} 19. dxe5 {[%clk 0:48:04]} dxe5 {[%clk 0:55:23]} 20. Rad1
{[%clk 0:46:29]} Qc7 {[%clk 0:52:42]} 21. Qd6 {[%clk 0:43:19]} Qxd6 {[%clk
0:51:20]} 22. Rxd6 {[%clk 0:43:38]} c5 {[%clk 0:48:51]} 23. Red1 {[%clk 0:41:34]}
Re7 {[%clk 0:45:44]} 24. Nh2 {[%clk 0:38:40]} c4 {[%clk 0:42:55]} 25. Ng4 {[%clk
0:36:37]} h5 {[%clk 0:38:11]} 26. Nxf6 {[%clk 0:36:25]} Nxf6 {[%clk 0:38:22]} 27.
f3 {[%clk 0:35:43]} h4 {[%clk 0:36:10]} 28. Nf1 {[%clk 0:34:47]} Nh5 {[%clk
0:35:10]} 29. Ne3 {[%clk 0:33:27]} Nf4 {[%clk 0:33:59]} 30. Ng4 {[%clk 0:31:59]}
Rae8 {[%clk 0:30:07]} 31. Kf2 {[%clk 0:27:01]} Nh5 {[%clk 0:26:25]} 32. a4 {[%clk
0:23:02]} Re6 {[%clk 0:24:48]} 33. axb5 {[%clk 0:22:20]} axb5 {[%clk 0:25:04]}
34. b3 {[%clk 0:19:37]} Nf4 {[%clk 0:21:52]} 35. bxc4 {[%clk 0:16:27]} bxc4
{[%clk 0:22:02]} 36. Rxe6 {[%clk 0:13:19]} Rxe6 {[%clk 0:21:53]} 37. Ne3 {[%clk
0:13:32]} Rc6 {[%clk 0:20:48]} 38. Rd2 {[%clk 0:10:43]} Rc5 {[%clk 0:19:51]} 39.
g3 {[%clk 0:09:53]} hxg3+ {[%clk 0:19:26]} 40. Kxg3 {[%clk 0:10:14]} Bc8 {[%clk
0:19:08]} 41. h4 {[%clk 0:10:23]} Be6 {[%clk 0:18:09]} 42. Ba4 {[%clk 0:08:20]}
Nd3 {[%clk 0:16:21]} 43. Bc2 {[%clk 0:07:14]} Nf4 {[%clk 0:16:36]} 44. Ng2 {[%clk
0:07:21]} Nh5+ {[%clk 0:16:37]} 45. Kh2 {[%clk 0:07:47]} Ra5 {[%clk 0:16:18]} 46.
Bd1 {[%clk 0:08:09]} Ra3 {[%clk 0:15:57]} 47. Rc2 {[%clk 0:08:33]} Bd7 {[%clk
0:15:32]} 48. Rc1 {[%clk 0:08:29]} Kf8 {[%clk 0:12:59]} 1/2-1/2

[Event "Girls U12 Polish Youth Championship"]
[Site "chess24.com"]
[Date "2018.04.29"]
[Round "1"]
[White "Giemza, Julia"]
[Black "Mroz, Lena"]
[Result "0-1"]
[Board "7"]
[WhiteElo "1195"]
[WhiteCountry "POL"]
[WhiteFideId "21872112"]
[WhiteEloChange "-3"]
[BlackElo "1501"]
[BlackCountry "POL"]
[BlackFideId "21830916"]
[BlackEloChange "3"]

1. d4 {[%clk 1:30:59]} d5 {[%clk 1:30:44]} 2. c4 {[%clk 1:31:15]} e6 {[%clk
1:30:57]} 3. Nc3 {[%clk 1:30:45]} c6 {[%clk 1:31:15]} 4. Nf3 {[%clk 1:27:17]}
dxc4 {[%clk 1:31:15]} 5. e4 {[%clk 1:26:48]} b5 {[%clk 1:30:13]} 6. a4 {[%clk
1:21:32]} Bb4 {[%clk 1:27:01]} 7. Bd2 {[%clk 1:18:02]} a6 {[%clk 1:23:50]} 8. Be2
{[%clk 1:08:05]} Bb7 {[%clk 1:22:31]} 9. Qc2 {[%clk 1:03:49]} Nd7 {[%clk
1:12:56]} 10. O-O {[%clk 0:59:53]} Bxc3 {[%clk 1:07:27]} 11. Bxc3 {[%clk
0:56:58]} Ngf6 {[%clk 1:05:06]} 12. Rfd1 {[%clk 0:47:04]} O-O {[%clk 1:02:13]}
13. axb5 {[%clk 0:42:31]} cxb5 {[%clk 1:01:27]} 14. e5 {[%clk 0:38:33]} Nd5
{[%clk 0:59:44]} 15. Qd2 {[%clk 0:34:04]} h6 {[%clk 0:56:06]} 16. h4 {[%clk
0:31:18]} Qe7 {[%clk 0:54:56]} 17. Qc2 {[%clk 0:26:51]} Nf4 {[%clk 0:49:55]} 18.
g3 {[%clk 0:25:24]} Nxe2+ {[%clk 0:49:00]} 19. Qxe2 {[%clk 0:25:29]} Nb6 {[%clk
0:48:13]} 20. Ba5 {[%clk 0:22:34]} Nd5 {[%clk 0:40:36]} 21. Nd2 {[%clk 0:20:03]}
Qd7 {[%clk 0:32:51]} 22. Rf1 {[%clk 0:16:07]} Ne7 {[%clk 0:26:09]} 23. Bb4 {[%clk
0:13:58]} Rfd8 {[%clk 0:23:13]} 24. Rad1 {[%clk 0:12:07]} Nf5 {[%clk 0:23:13]}
25. Nf3 {[%clk 0:11:14]} Qc6 {[%clk 0:22:02]} 26. Ba5 {[%clk 0:04:36]} Qxf3
{[%clk 0:20:40]} 27. Qxf3 {[%clk 0:04:26]} Bxf3 {[%clk 0:21:04]} 28. Bxd8 {[%clk
0:04:07]} Bxd1 {[%clk 0:21:24]} 29. Bb6 {[%clk 0:03:39]} Be2 {[%clk 0:21:26]} 30.
Ra1 {[%clk 0:03:41]} a5 {[%clk 0:20:39]} 31. Bc5 {[%clk 0:03:26]} Bf3 {[%clk
0:18:38]} 32. Kh2 {[%clk 0:02:37]} h5 {[%clk 0:18:11]} 33. Kg1 {[%clk 0:02:16]}
b4 {[%clk 0:18:33]} 34. Rc1 {[%clk 0:02:12]} Bd5 {[%clk 0:18:31]} 35. Kf1 {[%clk
0:02:21]} b3 {[%clk 0:18:11]} 36. Ra1 {[%clk 0:02:20]} a4 {[%clk 0:17:31]} 37.
Ke2 {[%clk 0:02:18]} c3 {[%clk 0:17:34]} 38. bxc3 {[%clk 0:02:08]} b2 {[%clk
0:18:02]} 39. Rb1 {[%clk 0:02:17]} a3 {[%clk 0:18:29]} 40. Bxa3 {[%clk 0:02:17]}
Rxa3 {[%clk 0:18:53]} 41. Rxb2 {[%clk 0:02:39]} Rxc3 {[%clk 0:19:03]} 0-1

[Event "Girls U12 Polish Youth Championship"]
[Site "chess24.com"]
[Date "2018.04.29"]
[Round "1"]
[White "Scisla, Oliwia"]
[Black "Tim, Anna"]
[Result "1-0"]
[Board "8"]
[WhiteElo "1469"]
[WhiteCountry "POL"]
[WhiteFideId "21820465"]
[WhiteEloChange "3"]
[BlackElo "1189"]
[BlackCountry "POL"]
[BlackFideId "21861633"]
[BlackEloChange "-3"]

1. e4 {[%clk 1:30:54]} c5 {[%clk 1:30:42]} 2. Nc3 {[%clk 1:30:51]} e6 {[%clk
1:30:30]} 3. Bc4 {[%clk 1:30:43]} Nc6 {[%clk 1:29:06]} 4. d3 {[%clk 1:30:17]} Nf6
{[%clk 1:28:58]} 5. f4 {[%clk 1:29:43]} d5 {[%clk 1:21:42]} 6. Bb3 {[%clk
1:28:56]} g6 {[%clk 1:18:36]} 7. Nf3 {[%clk 1:25:03]} Bg7 {[%clk 1:17:26]} 8. O-O
{[%clk 1:21:29]} O-O {[%clk 1:16:41]} 9. Qe1 {[%clk 1:20:30]} b6 {[%clk 1:11:03]}
10. Qh4 {[%clk 1:18:23]} dxe4 {[%clk 1:05:45]} 11. dxe4 {[%clk 1:17:37]} Nd4
{[%clk 1:04:49]} 12. Be3 {[%clk 1:09:23]} Nxf3+ {[%clk 1:05:04]} 13. Rxf3 {[%clk
1:07:29]} Bb7 {[%clk 1:05:10]} 14. Rd1 {[%clk 1:07:13]} Qc7 {[%clk 1:02:41]} 15.
Rh3 {[%clk 1:07:06]} h5 {[%clk 0:58:13]} 16. e5 {[%clk 1:04:07]} Ng4 {[%clk
0:56:14]} 17. Rg3 {[%clk 0:56:09]} Rad8 {[%clk 0:52:24]} 18. Rxd8 {[%clk
0:55:50]} Rxd8 {[%clk 0:52:43]} 19. h3 {[%clk 0:54:54]} Nh6 {[%clk 0:49:25]} 20.
Bxe6 {[%clk 0:40:31]} Re8 {[%clk 0:43:00]} 21. Rxg6 {[%clk 0:39:22]} Rxe6 {[%clk
0:41:20]} 22. Rxe6 {[%clk 0:39:36]} fxe6 {[%clk 0:41:41]} 23. Qxh5 {[%clk
0:39:18]} Nf5 {[%clk 0:35:33]} 24. Qe8+ {[%clk 0:38:12]} Kh7 {[%clk 0:35:37]} 25.
Qh5+ {[%clk 0:37:22]} Kg8 {[%clk 0:35:43]} 26. Qe8+ {[%clk 0:37:27]} Kh7 {[%clk
0:36:05]} 27. Bf2 {[%clk 0:37:19]} Bc8 {[%clk 0:32:20]} 28. Ne4 {[%clk 0:36:19]}
Bb7 {[%clk 0:29:36]} 29. Ng5+ {[%clk 0:36:20]} Kh6 {[%clk 0:29:28]} 30. Qxe6+
{[%clk 0:36:42]} Kh5 {[%clk 0:28:32]} 31. g4# {[%clk 0:36:54]} 1-0